[Event "FIRST SATURDAY TOURNAMENTS Budapest FM A"]
[Site "Budapest"]
[Date "2011.07.07"]
[Round "6.2"]
[White "Zala, Gyula"]
[Black "Kis, Bela"]
[Result "0-1"]
[WhiteElo "2021"]
[BlackElo "2058"]
[PlyCount "72"]
[EventDate "2011.07.02"]

1. d3 d5 2. g3 e5 3. Bg2 Nf6 4. c4 Nc6 5. cxd5 Nxd5 6. Nc3 Nb6 7. Nf3 Be7 8. a3
a5 9. Be3 Be6 10. Rc1 O-O 11. h4 Nd5 12. Bd2 Nxc3 13. Rxc3 Bf6 14. e4 Bg4 15.
Qc1 Bxf3 16. Bxf3 Nd4 17. Bd1 c6 18. Be3 Nb5 19. Rc4 Qxd3 20. a4 Nd6 21. Be2
Qb3 22. Rc3 Qxa4 23. f3 Nb5 24. Bd1 Qb4 25. Bc5 Nxc3 26. Bxb4 Na2 27. Qc4 Nxb4
28. g4 Rfd8 29. Bb3 Nd3+ 30. Kf1 Rd7 31. g5 Bd8 32. g6 hxg6 33. h5 gxh5 34.
Rxh5 g6 35. Rh2 a4 36. Bxa4 Rd4 0-1

[Event "FIRST SATURDAY TOURNAMENTS Budapest FM A"]
[Site "Budapest"]
[Date "2011.07.07"]
[Round "6.4"]
[White "Darazs, Zoltan"]
[Black "Gulyas, Attila"]
[Result "0-1"]
[WhiteElo "2133"]
[BlackElo "2038"]
[PlyCount "78"]
[EventDate "2011.07.02"]

1. e4 c6 2. d4 d5 3. Nc3 dxe4 4. Nxe4 Nd7 5. Bd3 Ngf6 6. Ng5 e6 7. N1f3 h6 8.
Nxe6 Qe7 9. O-O fxe6 10. Bg6+ Kd8 11. c4 Qd6 12. Qe2 Be7 13. Rd1 Nd5 14. cxd5
exd5 15. Bd3 Rf8 16. a3 g5 17. g3 Qf6 18. Ne5 Nxe5 19. dxe5 Qf3 20. Qxf3 Rxf3
21. Kg2 Rf8 22. f4 gxf4 23. Bxf4 h5 24. b4 Be6 25. Rf1 Kd7 26. h3 a5 27. bxa5
Rxa5 28. a4 Rfa8 29. Rfb1 b5 30. Bc2 c5 31. Bd2 b4 32. Rb2 Rb8 33. Rab1 Kc6 34.
Bd1 Bf5 35. Rc1 c4 36. Bxh5 Rxa4 37. Be2 Bc5 38. Bf3 b3 39. Bc3 Ba3 0-1

[Event "FIRST SATURDAY TOURNAMENTS Budapest FM A"]
[Site "Budapest"]
[Date "2011.07.07"]
[Round "6.5"]
[White "Letay, Gyula"]
[Black "Juracsik, Jozsef"]
[Result "1/2-1/2"]
[WhiteElo "2020"]
[BlackElo "2193"]
[PlyCount "23"]
[EventDate "2011.07.02"]

1. e4 c5 2. Nc3 Nc6 3. g3 g6 4. Bg2 Bg7 5. d3 d6 6. Be3 e5 7. Qd2 Nf6 8. h3 Nd4
9. Nge2 Qa5 10. Rc1 b5 11. a3 Rb8 12. g4 1/2-1/2

[Event "FIRST SATURDAY TOURNAMENTS Budapest FM A"]
[Site "Budapest"]
[Date "2011.07.07"]
[Round "6.6"]
[White "Farkas, Richard"]
[Black "Tran, Minh Thang"]
[Result "1/2-1/2"]
[WhiteElo "2039"]
[BlackElo "2092"]
[PlyCount "81"]
[EventDate "2011.07.02"]

1. e4 e6 2. d4 d5 3. Nd2 c5 4. exd5 Qxd5 5. Ngf3 cxd4 6. Bc4 Qd6 7. O-O Nf6 8.
Re1 Be7 9. Nb3 Nc6 10. Nbxd4 Nxd4 11. Qxd4 Qxd4 12. Nxd4 O-O 13. Bf4 Bd7 14.
Rad1 Rac8 15. Bb3 Bc5 16. c3 Rfd8 17. h3 a5 18. a4 h6 19. Nb5 Bc6 20. Re2 Rxd1+
21. Bxd1 Bd5 22. Bc2 Bb6 23. b3 Rd8 24. c4 Bc6 25. Rd2 Rxd2 26. Bxd2 Ne4 27.
Be1 Kf8 28. Kf1 Ke7 29. f3 Nd6 30. Nxd6 Kxd6 31. c5+ Bxc5 32. Bxa5 Ke5 33. Ke2
f6 34. Be1 f5 35. b4 Bg1 36. Bc3+ Bd4 37. f4+ Kd5 38. Bb3+ Ke4 39. Bc2+ Kd5 40.
Bb3+ Ke4 41. Bc2+ 1/2-1/2

[Event "FIRST SATURDAY TOURNAMENTS Budapest FM A"]
[Site "Budapest"]
[Date "2011.07.08"]
[Round "7.1"]
[White "Tran, Minh Thang"]
[Black "Kantor, Reka"]
[Result "1-0"]
[WhiteElo "2092"]
[BlackElo "1965"]
[PlyCount "75"]
[EventDate "2011.07.02"]

1. d4 d5 2. Bf4 e6 3. e3 Bd6 4. Bxd6 Qxd6 5. Qg4 g6 6. Nd2 Ne7 7. f4 Qb6 8. Nb3
e5 9. Qg3 e4 10. Ne2 a5 11. a4 Na6 12. Nc3 Nb4 13. Qf2 Be6 14. Nc5 c6 15. Nd1
Bg4 16. c3 Bxd1 17. Kxd1 Na6 18. Bxa6 bxa6 19. Ra3 Qc7 20. Rb3 Qc8 21. Qe2 h5
22. Rb6 Nf5 23. Kc2 O-O 24. Re1 Re8 25. Qf1 Qc7 26. Rxa6 Rab8 27. Qe2 Ng7 28.
g4 Kh7 29. f5 hxg4 30. fxg6+ fxg6 31. Qxg4 Qxh2+ 32. Re2 Qh5 33. Qxh5+ gxh5 34.
Nd7 Ra8 35. Rxc6 Red8 36. Nf6+ Kh8 37. Rg2 Ra7 38. Rg5 1-0

[Event "FIRST SATURDAY TOURNAMENTS Budapest FM A"]
[Site "Budapest"]
[Date "2011.07.08"]
[Round "7.2"]
[White "Juracsik, Jozsef"]
[Black "Farkas, Richard"]
[Result "1-0"]
[WhiteElo "2193"]
[BlackElo "2039"]
[PlyCount "131"]
[EventDate "2011.07.02"]

1. e4 c5 2. Nf3 e6 3. d4 cxd4 4. Nxd4 a6 5. Be2 Nf6 6. Nc3 Qc7 7. O-O b5 8. Bf3
Nc6 9. e5 Ng8 10. Nxc6 dxc6 11. Bf4 f5 12. Ne2 Ne7 13. Nd4 Nd5 14. Bxd5 cxd5
15. c3 Be7 16. Qh5+ g6 17. Qh6 Bf8 18. Qh4 Bg7 19. Rfe1 h6 20. Bd2 g5 21. Qg3
f4 22. Qg4 Ke7 23. Bxf4 Rf8 24. Bg3 Rf7 25. h4 gxh4 26. Bxh4+ Kf8 27. f4 Qc5
28. Bf2 Qe7 29. Be3 Bd7 30. Re2 Ke8 31. Bf2 Bf8 32. Qh5 Bc8 33. f5 Qg5 34. Qxg5
hxg5 35. fxe6 Re7 36. Be3 Bh6 37. Kf2 Bxe6 38. Rh1 Bg7 39. Bxg5 Rf7+ 40. Ke1
Bg4 41. Re3 Raa7 42. Rh4 Bc8 43. a3 Bf8 44. Bf6 Rh7 45. Rxh7 Rxh7 46. Rg3 Rh1+
47. Kd2 Bh6+ 48. Bg5 Bg7 49. Bf4 Rh7 50. Rg6 Bf8 51. Rc6 Bb7 52. Rg6 Bc8 53.
Rc6 Bb7 54. Re6+ Kd8 55. Bg5+ Kd7 56. Rg6 Bc8 57. Rg8 Ke8 58. Rg6 Kd7 59. e6+
Ke8 60. Nf5 Rh5 61. e7 Bxe7 62. Nxe7 Kf7 63. Ke3 Bf5 64. Rf6+ Kxe7 65. Rxf5+
Ke6 66. Kf4 1-0

[Event "FIRST SATURDAY TOURNAMENTS Budapest FM A"]
[Site "Budapest"]
[Date "2011.07.08"]
[Round "7.3"]
[White "Gulyas, Attila"]
[Black "Letay, Gyula"]
[Result "0-1"]
[WhiteElo "2038"]
[BlackElo "2020"]
[PlyCount "64"]
[EventDate "2011.07.02"]

1. e4 c5 2. Nf3 d6 3. d4 cxd4 4. Nxd4 Nf6 5. Nc3 a6 6. Bg5 Nbd7 7. f4 Qc7 8.
Qf3 e6 9. O-O-O Be7 10. g4 b5 11. Bxf6 gxf6 12. f5 Ne5 13. Qg3 Bd7 14. Bg2 Rg8
15. h3 h5 16. Bf3 b4 17. Nce2 hxg4 18. hxg4 Nxf3 19. fxe6 fxe6 20. Qxf3 Rc8 21.
Qb3 Qc4 22. Qxc4 Rxc4 23. Rdg1 Rc5 24. Kd2 Rcg5 25. Rh5 Rxg4 26. Rxg4 Rxg4 27.
Ra5 Rxe4 28. Rxa6 e5 29. Ra8+ Bd8 30. Kd3 Rg4 31. Nb3 Bb5+ 32. Ke3 f5 0-1

[Event "FIRST SATURDAY TOURNAMENTS Budapest FM A"]
[Site "Budapest"]
[Date "2011.07.08"]
[Round "7.4"]
[White "Somogyi, Gabor"]
[Black "Darazs, Zoltan"]
[Result "1/2-1/2"]
[WhiteElo "1995"]
[BlackElo "2133"]
[PlyCount "22"]
[EventDate "2011.07.02"]

1. d4 Nf6 2. c4 g6 3. Nc3 d5 4. Bg5 Ne4 5. Bh4 Nxc3 6. bxc3 Bg7 7. e3 c5 8. Nf3
cxd4 9. cxd4 Qa5+ 10. Qd2 Qxd2+ 11. Nxd2 Nc6 1/2-1/2

[Event "FIRST SATURDAY TOURNAMENTS Budapest FM A"]
[Site "Budapest"]
[Date "2011.07.08"]
[Round "7.5"]
[White "Kis, Bela"]
[Black "Winkler, Stefan"]
[Result "0-1"]
[WhiteElo "2058"]
[BlackElo "1864"]
[PlyCount "110"]
[EventDate "2011.07.02"]

1. e4 e6 2. d4 d5 3. Nc3 Nf6 4. e5 Nfd7 5. f4 c5 6. Nf3 Nc6 7. Be3 cxd4 8. Nxd4
Bc5 9. Be2 O-O 10. Bf3 Qb6 11. Na4 Qa5+ 12. c3 Nxd4 13. Bxd4 Bxd4 14. Qxd4 b6
15. Qb4 Qxb4 16. cxb4 Ba6 17. Be2 Bxe2 18. Kxe2 Rac8 19. Rhc1 f6 20. exf6 gxf6
21. Rc3 d4 22. Rd3 Rc2+ 23. Rd2 Rfc8 24. Rad1 e5 25. Kd3 Rxd2+ 26. Rxd2 b5 27.
Nc5 Nxc5+ 28. bxc5 Rxc5 29. Rf2 Kg7 30. Ke4 Kg6 31. fxe5 fxe5 32. a3 a5 33. h3
h6 34. Kd3 Rc7 35. Ke4 Rc5 36. Kd3 b4 37. axb4 axb4 38. Ke4 Kg5 39. g3 Kg6 40.
Rf3 Ra5 41. Rf8 Kg7 42. Rd8 Kg6 43. h4 b3 44. g4 Kf7 45. Rd6 Kg7 46. Kf5 Rc5
47. Rd7+ Kf8 48. Rb7 Rd5 49. Ke6 Rd8 50. Rf7+ Kg8 51. Rf1 e4 52. Ke5 e3 53. Ke4
e2 54. Rg1 d3 55. Ke3 Rf8 0-1

[Event "FIRST SATURDAY TOURNAMENTS Budapest FM A"]
[Site "Budapest"]
[Date "2011.07.08"]
[Round "7.6"]
[White "Borda, Lajos"]
[Black "Zala, Gyula"]
[Result "0-1"]
[WhiteElo "2130"]
[BlackElo "2021"]
[PlyCount "69"]
[EventDate "2011.07.02"]

1. e4 e6 2. d4 d5 3. e5 c5 4. c3 Ne7 5. Bd3 Nec6 6. Nf3 Nd7 7. O-O Be7 8. Re1
Qb6 9. dxc5 Bxc5 10. Qe2 h6 11. h4 g5 12. b4 Be7 13. b5 Nd8 14. hxg5 hxg5 15.
Nxg5 Nxe5 16. Nh3 Nxd3 17. Qxd3 Bd7 18. a4 a6 19. Be3 Qc7 20. Nd2 a5 21. c4 Bb4
22. b6 Qe5 23. cxd5 Qg7 24. Bf4 Rc8 25. Ne4 Kf8 26. dxe6 Bxe6 27. Bd6+ Kg8 28.
Bxb4 Rxh3 29. Qd6 axb4 30. Qe7 Nc6 31. Qxb7 Nd4 32. Ng3 Rxg3 33. fxg3 Ne2+ 34.
Rxe2 Qxa1+ 35. Kh2 0-1

[Event "FIRST SATURDAY TOURNAMENTS Budapest FM A"]
[Site "Budapest"]
[Date "2011.07.09"]
[Round "8.1"]
[White "Kantor, Reka"]
[Black "Zala, Gyula"]
[Result "1/2-1/2"]
[WhiteElo "1965"]
[BlackElo "2021"]
[PlyCount "30"]
[EventDate "2011.07.02"]

1. e4 d6 2. d4 g6 3. c4 Bg7 4. Nc3 Nf6 5. Bd3 O-O 6. f3 c6 7. Nge2 e5 8. d5
Nbd7 9. O-O Nc5 10. Bc2 a5 11. b3 Nh5 12. Be3 f5 13. exf5 Bxf5 14. Bxf5 gxf5
15. f4 e4 1/2-1/2

[Event "FIRST SATURDAY TOURNAMENTS Budapest FM A"]
[Site "Budapest"]
[Date "2011.07.09"]
[Round "8.2"]
[White "Winkler, Stefan"]
[Black "Borda, Lajos"]
[Result "0-1"]
[WhiteElo "1864"]
[BlackElo "2130"]
[PlyCount "76"]
[EventDate "2011.07.02"]

1. e4 c5 2. Nf3 a6 3. c4 d6 4. d4 Qc7 5. Nc3 e6 6. Be2 Nf6 7. O-O cxd4 8. Nxd4
b6 9. Be3 Bb7 10. f3 Nbd7 11. Rc1 Be7 12. b3 O-O 13. Kh1 Rfe8 14. Qd2 h5 15. h3
Rad8 16. g4 hxg4 17. hxg4 Qb8 18. Kg2 d5 19. g5 dxe4 20. gxf6 Nxf6 21. f4 e5
22. fxe5 Qxe5 23. Nd5 Nxd5 24. cxd5 Bd6 25. Bf4 e3 26. Qd3 Qxd5+ 27. Bf3 Bxf4
28. Bxd5 Rxd5 29. Rf3 Red8 30. Rh1 Rxd4 31. Qh7+ Kf8 32. Rhf1 R8d6 33. Kg1 Bxf3
34. Rxf3 Rg6+ 35. Kf1 Rd1+ 36. Ke2 Rd2+ 37. Ke1 Rg1+ 38. Rf1 Bg3# 0-1

[Event "FIRST SATURDAY TOURNAMENTS Budapest FM A"]
[Site "Budapest"]
[Date "2011.07.09"]
[Round "8.3"]
[White "Darazs, Zoltan"]
[Black "Kis, Bela"]
[Result "0-1"]
[WhiteElo "2133"]
[BlackElo "2058"]
[PlyCount "108"]
[EventDate "2011.07.02"]

1. e4 e5 2. Nf3 Nc6 3. Bb5 a6 4. Ba4 Nf6 5. O-O Nxe4 6. d4 b5 7. Bb3 d5 8. dxe5
Be6 9. Nbd2 Nc5 10. c3 Bg4 11. h3 Bh5 12. Re1 Nd3 13. Re3 Nf4 14. Nf1 Na5 15.
Re1 Nxb3 16. axb3 Ne6 17. Ng3 Bg6 18. Qe2 Be7 19. Rxa6 Rb8 20. Nd4 Nxd4 21.
cxd4 O-O 22. Be3 c5 23. f4 Qc8 24. Ra7 Bh4 25. Qf2 c4 26. Kh2 Rb6 27. Qd2 Bxg3+
28. Kxg3 Be4 29. Kh2 Rg6 30. Rg1 cxb3 31. Raa1 Rc6 32. Qb4 Rc2 33. Qxb3 Qf5 34.
Rac1 Rfc8 35. Qxb5 h5 36. Qb6 h4 37. Rxc2 Bxc2 38. Rc1 Qe4 39. Qb7 Rc4 40. Re1
Bd3 41. Qb8+ Kh7 42. Qd8 f6 43. exf6 Qg6 44. fxg7 Qg3+ 45. Kh1 Qxe1+ 46. Bg1
Kxg7 47. Qd7+ Kf6 48. Qd8+ Qe7 49. Qxd5 Rc2 50. Qg5+ Kf7 51. Qh5+ Bg6 52. Qd5+
Qe6 53. Qb7+ Kf6 54. Qb8 Qxh3+ 0-1

[Event "FIRST SATURDAY TOURNAMENTS Budapest FM A"]
[Site "Budapest"]
[Date "2011.07.09"]
[Round "8.4"]
[White "Letay, Gyula"]
[Black "Somogyi, Gabor"]
[Result "1-0"]
[WhiteElo "2020"]
[BlackElo "1995"]
[PlyCount "69"]
[EventDate "2011.07.02"]

1. e4 e6 2. Nf3 d5 3. Nc3 Nf6 4. e5 Nfd7 5. d4 c5 6. dxc5 Nc6 7. Bf4 Bxc5 8.
Bd3 f6 9. exf6 Nxf6 10. O-O O-O 11. Ne5 Bd7 12. Nxc6 bxc6 13. Qe2 Qe7 14. Be5
Rae8 15. Rae1 Bb4 16. a3 Ba5 17. b4 Bb6 18. Nd1 c5 19. c3 a5 20. bxa5 Bxa5 21.
Bc2 c4 22. Ne3 Qxa3 23. Ra1 Qc5 24. Bd4 Qc7 25. f4 Bb6 26. Be5 Qc5 27. Rf3 Bc8
28. Rh3 g6 29. Kh1 Re7 30. Ng4 Nxg4 31. Qxg4 Rf5 32. Bxf5 exf5 33. Qg5 Ra7 34.
Rf1 Qf2 35. Rf3 1-0

[Event "FIRST SATURDAY TOURNAMENTS Budapest FM A"]
[Site "Budapest"]
[Date "2011.07.09"]
[Round "8.5"]
[White "Farkas, Richard"]
[Black "Gulyas, Attila"]
[Result "1-0"]
[WhiteElo "2039"]
[BlackElo "2038"]
[PlyCount "109"]
[EventDate "2011.07.02"]

1. e4 Nf6 2. e5 Nd5 3. d4 d6 4. c4 Nb6 5. exd6 cxd6 6. Nc3 Nc6 7. Be3 g6 8. Rc1
Bg7 9. b3 O-O 10. Nf3 Bg4 11. Be2 Rc8 12. h3 Bf5 13. Qd2 Re8 14. d5 Ne5 15. Nd4
f6 16. Nxf5 gxf5 17. Nb5 Ng6 18. Nxa7 Ra8 19. Nb5 f4 20. Bd4 Ne5 21. a4 Nbd7
22. Qxf4 Nc5 23. Bxc5 dxc5 24. Qe3 b6 25. f4 Ng6 26. Bg4 Bh6 27. O-O Kh8 28.
Rce1 Rb8 29. g3 Rg8 30. Kh2 Rb7 31. Re2 Qb8 32. Ref2 Qf8 33. a5 bxa5 34. Qxc5
f5 35. Bf3 Qg7 36. Qd4 Qxd4 37. Nxd4 Nxf4 38. Nxf5 Bg5 39. gxf4 Bxf4+ 40. Kh1
Rxb3 41. Bg2 Bg5 42. Rc2 a4 43. Nd4 Rd3 44. Ne6 Bf6 45. Nc5 Ra3 46. Ne4 Bd4 47.
c5 Rc8 48. c6 Be5 49. Nc5 Bd6 50. Ne6 Re3 51. Rcf2 h6 52. Rf8+ Rxf8 53. Rxf8+
Kh7 54. c7 Re1+ 55. Rf1 1-0

[Event "FIRST SATURDAY TOURNAMENTS Budapest FM A"]
[Site "Budapest"]
[Date "2011.07.09"]
[Round "8.6"]
[White "Tran, Minh Thang"]
[Black "Juracsik, Jozsef"]
[Result "1/2-1/2"]
[WhiteElo "2092"]
[BlackElo "2193"]
[PlyCount "30"]
[EventDate "2011.07.02"]

1. d4 Nf6 2. Bf4 c5 3. e3 g6 4. Nf3 Bg7 5. Be2 O-O 6. O-O b6 7. c3 Bb7 8. Nbd2
d6 9. h3 Nc6 10. a4 Nd7 11. Nc4 d5 12. Nce5 Ndxe5 13. Nxe5 Nxe5 14. Bxe5 f6 15.
Bg3 e5 1/2-1/2

[Event "FIRST SATURDAY TOURNAMENTS Budapest FM A"]
[Site "Budapest"]
[Date "2011.07.10"]
[Round "9.1"]
[White "Juracsik, Jozsef"]
[Black "Kantor, Reka"]
[Result "1-0"]
[WhiteElo "2193"]
[BlackElo "1965"]
[PlyCount "75"]
[EventDate "2011.07.02"]

1. e4 e5 2. Nf3 Nc6 3. Bb5 a6 4. Ba4 Nf6 5. Nc3 b5 6. Bb3 Bc5 7. d3 O-O 8. a4
b4 9. Nd5 h6 10. Be3 Bxe3 11. fxe3 Rb8 12. a5 d6 13. O-O Nxd5 14. Bxd5 Ne7 15.
Bb3 c6 16. Qe1 Be6 17. Bxe6 fxe6 18. Qg3 Rb5 19. Qh3 Rf6 20. Nd2 Nc8 21. Rxf6
Qxf6 22. Rf1 Qe7 23. Nc4 Rb7 24. d4 exd4 25. exd4 Rd7 26. e5 d5 27. Nd2 c5 28.
Nb3 cxd4 29. Nxd4 Rd8 30. Qxe6+ Qxe6 31. Nxe6 Re8 32. Nc7 Rxe5 33. Nxa6 d4 34.
Ra1 b3 35. cxb3 d3 36. b4 Nd6 37. Rd1 Re3 38. Nc5 1-0

[Event "FIRST SATURDAY TOURNAMENTS Budapest FM A"]
[Site "Budapest"]
[Date "2011.07.10"]
[Round "9.2"]
[White "Gulyas, Attila"]
[Black "Tran, Minh Thang"]
[Result "0-1"]
[WhiteElo "2038"]
[BlackElo "2092"]
[PlyCount "118"]
[EventDate "2011.07.02"]

1. e4 e6 2. d4 d5 3. Nc3 Bb4 4. Nge2 dxe4 5. a3 Be7 6. Nxe4 Nf6 7. N2g3 b6 8.
Be3 Bb7 9. Bd3 Nbd7 10. O-O O-O 11. Qe2 Nxe4 12. Bxe4 Bxe4 13. Nxe4 Nf6 14.
Nxf6+ Bxf6 15. Rad1 Qd6 16. Rfe1 Rad8 17. c3 Rd7 18. Rd2 Rfd8 19. Red1 Qc6 20.
Qg4 Qc4 21. Bg5 Bxg5 22. Qxg5 h6 23. Qe3 a5 24. f3 Rd5 25. Kf2 b5 26. Qd3 g6
27. Qxc4 bxc4 28. Ke3 a4 29. f4 Rb8 30. Re1 f6 31. Kf3 Kf7 32. Rde2 Rb6 33. g3
Rdb5 34. Rb1 Rb3 35. Ke4 f5+ 36. Ke3 Rxc3+ 37. bxc3 Rxb1 38. d5 exd5 39. Kd4
Rb5 40. Re5 c6 41. Re3 Rb3 42. Kc5 Rxa3 43. Kd6 g5 44. Re7+ Kg6 45. Re6+ Kh5
46. Ke5 Kg4 47. Rxh6 Rxc3 48. h3+ Kf3 49. fxg5 Re3+ 50. Kxf5 Re7 51. Rxc6 Ra7
52. g6 a3 53. g7 Rxg7 54. Ra6 d4 55. Rxa3+ d3 56. Rc3 Rc7 57. g4 Ke2 58. Ke4 d2
59. Rc2 Ke1 0-1

[Event "FIRST SATURDAY TOURNAMENTS Budapest FM A"]
[Site "Budapest"]
[Date "2011.07.10"]
[Round "9.3"]
[White "Somogyi, Gabor"]
[Black "Farkas, Richard"]
[Result "0-1"]
[WhiteElo "1995"]
[BlackElo "2039"]
[PlyCount "78"]
[EventDate "2011.07.02"]

1. e4 c5 2. Nf3 e6 3. d4 cxd4 4. Nxd4 a6 5. Bd3 Nf6 6. O-O Qc7 7. c4 Be7 8. Nc3
O-O 9. Be3 d6 10. Rc1 Nbd7 11. f4 b6 12. b4 Bb7 13. Qf3 Rac8 14. Qg3 Rfd8 15.
Qh3 Nf8 16. a3 Qb8 17. f5 d5 18. fxe6 dxc4 19. exf7+ Kxf7 20. Bb1 b5 21. Nf5
Ng6 22. Nxe7 Kxe7 23. Nd5+ Bxd5 24. exd5 Rxd5 25. Bxg6 hxg6 26. Bc5+ Kf7 27.
Rce1 Re8 28. Qf3 Kg8 29. Qf2 Rf5 30. Qd4 Rxf1+ 31. Rxf1 Re4 32. Qb2 Qe8 33. Qd2
Re2 34. Qg5 Qe4 35. Qg3 c3 36. Rc1 c2 37. Qb8+ Kh7 38. Qg3 Nh5 39. Qg5 Re1+ 0-1

[Event "FIRST SATURDAY TOURNAMENTS Budapest FM A"]
[Site "Budapest"]
[Date "2011.07.10"]
[Round "9.6"]
[White "Zala, Gyula"]
[Black "Winkler, Stefan"]
[Result "1-0"]
[WhiteElo "2021"]
[BlackElo "1864"]
[PlyCount "119"]
[EventDate "2011.07.02"]

1. e4 e6 2. a3 d5 3. e5 c5 4. b4 cxb4 5. axb4 Bxb4 6. c3 Be7 7. d4 Nc6 8. Bd3
Bd7 9. Nh3 a6 10. O-O Qc7 11. Re1 O-O-O 12. Re2 Na5 13. Na3 f6 14. f4 g5 15.
Rea2 Nc4 16. Qf1 Bxa3 17. Rxa3 Bb5 18. Rb3 g4 19. Nf2 f5 20. Rxb5 axb5 21. Be2
Kd7 22. Nd3 b6 23. Bxg4 Ne7 24. Bf3 Ra8 25. Rb1 Ra5 26. Qd1 Rha8 27. Qb3 Nc6
28. g4 fxg4 29. Bg2 Ne7 30. Nf2 Rg8 31. Qc2 Rg7 32. f5 exf5 33. Bxd5 Nxe5 34.
dxe5 Qxe5 35. Bg2 Qe1+ 36. Bf1 Qe5 37. Qd3+ Kc8 38. Rxb5 Rxb5 39. Qxb5 Qxb5 40.
Bxb5 g3 41. Nd3 Nd5 42. c4 Nc3 43. Ba6+ Kd8 44. Be3 Rg6 45. hxg3 Rxg3+ 46. Kf2
Ne4+ 47. Ke2 Rg6 48. Nf4 Rc6 49. Nd5 Nc5 50. Bg5+ Kd7 51. Bb5 Ne6 52. Be3 Nc5
53. Bxc5 bxc5 54. Kf3 h5 55. Kf4 h4 56. Bxc6+ Kxc6 57. Ne7+ Kb6 58. Nxf5 h3 59.
Ke4 Kc6 60. Ke5 1-0

[Event "FIRST SATURDAY TOURNAMENTS Budapest FM A"]
[Site "Budapest"]
[Date "2011.07.11"]
[Round "10.1"]
[White "Kantor, Reka"]
[Black "Winkler, Stefan"]
[Result "1/2-1/2"]
[WhiteElo "1965"]
[BlackElo "1864"]
[PlyCount "43"]
[EventDate "2011.07.02"]

1. e4 e6 2. d4 d5 3. e5 c5 4. c3 Nc6 5. Nf3 Qb6 6. a3 a5 7. Bd3 Bd7 8. Bc2 h5
9. O-O Nh6 10. h3 Be7 11. Re1 Nf5 12. Bxf5 exf5 13. a4 cxd4 14. cxd4 Be6 15.
Nc3 Rc8 16. Nb5 Nb4 17. Re2 f4 18. Bxf4 Bf5 19. Nc3 Qg6 20. Kh2 Rc4 21. Be3 Bg4
22. Rd2 1/2-1/2

[Event "FIRST SATURDAY TOURNAMENTS Budapest FM A"]
[Site "Budapest"]
[Date "2011.07.11"]
[Round "10.2"]
[White "Darazs, Zoltan"]
[Black "Zala, Gyula"]
[Result "1-0"]
[WhiteElo "2133"]
[BlackElo "2021"]
[PlyCount "119"]
[EventDate "2011.07.02"]

1. e4 e6 2. d4 d5 3. Nc3 Nf6 4. e5 Nfd7 5. f4 c5 6. Nf3 Nc6 7. Be3 Be7 8. Qd2
a6 9. Be2 b5 10. dxc5 Nxc5 11. a3 Bb7 12. O-O Ne4 13. Nxe4 dxe4 14. Nd4 Bc5 15.
Rfd1 g5 16. Nxe6 Qxd2 17. Nc7+ Kd7 18. Rxd2+ Kxc7 19. Bxc5 gxf4 20. Rf1 f3 21.
gxf3 Rhg8+ 22. Kf2 Rae8 23. f4 Ne7 24. Bd6+ Kb6 25. Bxe7 Rxe7 26. Rd6+ Kc7 27.
Ke3 f5 28. Rf6 Bc8 29. Rd1 Rg2 30. Rh6 Rg6 31. Rd6 Reg7 32. Rhxg6 hxg6 33. a4
bxa4 34. Bxa6 Bd7 35. Bc4 g5 36. fxg5 Rxg5 37. Rd2 Rh5 38. e6 Bc6 39. Kf4 Rh4+
40. Kg5 e3 41. Kxh4 exd2 42. Be2 f4 43. Bd1 f3 44. Kg3 Kd6 45. Kf2 Kxe6 46. Ke3
Kf5 47. c4 Kg4 48. Kxd2 Kh3 49. Ke3 Kg2 50. h4 f2 51. Be2 Be8 52. c5 Kg3 53.
Bf1 Kxh4 54. Kxf2 Kg4 55. Ke3 Bc6 56. Bd3 Kg5 57. Be4 Bb5 58. c6 Kf6 59. c7 Ba6
60. Kd4 1-0

[Event "FIRST SATURDAY TOURNAMENTS Budapest FM A"]
[Site "Budapest"]
[Date "2011.07.11"]
[Round "10.3"]
[White "Letay, Gyula"]
[Black "Borda, Lajos"]
[Result "0-1"]
[WhiteElo "2020"]
[BlackElo "2130"]
[PlyCount "70"]
[EventDate "2011.07.02"]

1. e4 c5 2. Nf3 a6 3. c4 d6 4. d4 Qc7 5. Nc3 e6 6. Be3 Nf6 7. h3 cxd4 8. Bxd4
Nfd7 9. Be2 Nc6 10. Be3 b6 11. O-O Bb7 12. a3 Nce5 13. Nd2 Be7 14. Rc1 g5 15.
b4 Ng6 16. Nf3 h6 17. Qd2 Rd8 18. Rfd1 Nge5 19. Nxe5 dxe5 20. Qc2 O-O 21. Na4
Qc6 22. f3 a5 23. Qb3 axb4 24. axb4 Rb8 25. Rc2 Bc8 26. Rcd2 Kg7 27. Nc3 Ra8
28. Nb5 Nb8 29. Nd6 Rd8 30. c5 bxc5 31. bxc5 Ba6 32. Kf2 Bxe2 33. Kxe2 Qa6+ 34.
Kf2 Nc6 35. Qb7 Rxd6 0-1

[Event "FIRST SATURDAY TOURNAMENTS Budapest FM A"]
[Site "Budapest"]
[Date "2011.07.11"]
[Round "10.4"]
[White "Farkas, Richard"]
[Black "Kis, Bela"]
[Result "1/2-1/2"]
[WhiteElo "2039"]
[BlackElo "2058"]
[PlyCount "51"]
[EventDate "2011.07.02"]

1. d4 d5 2. c4 e6 3. Nc3 c5 4. cxd5 exd5 5. Nf3 Nc6 6. g3 Nf6 7. Bg2 cxd4 8.
Nxd4 Be7 9. O-O Be6 10. h3 O-O 11. Kh2 Rc8 12. Be3 Qd7 13. Na4 Rfe8 14. Nxc6
bxc6 15. Nc5 Bxc5 16. Bxc5 Bf5 17. e3 Ne4 18. Bxe4 Rxe4 19. g4 Rc4 20. Rc1 Rxc5
21. Rxc5 Qd6+ 22. Kg1 Qxc5 23. gxf5 d4 24. Qxd4 Qxf5 25. Qg4 Qxg4+ 26. hxg4
1/2-1/2

[Event "FIRST SATURDAY TOURNAMENTS Budapest FM A"]
[Site "Budapest"]
[Date "2011.07.11"]
[Round "10.5"]
[White "Tran, Minh Thang"]
[Black "Somogyi, Gabor"]
[Result "0-1"]
[WhiteElo "2092"]
[BlackElo "1995"]
[PlyCount "232"]
[EventDate "2011.07.02"]

1. d4 d5 2. Bf4 e6 3. e3 Nf6 4. Nd2 c5 5. c3 Nc6 6. Bd3 a6 7. a3 b6 8. h3 Bd6
9. Bxd6 Qxd6 10. f4 g5 11. g3 gxf4 12. gxf4 Bb7 13. Ngf3 Rg8 14. Ne5 Qe7 15.
Qf3 Ne4 16. Nxe4 dxe4 17. Bxe4 Nxe5 18. dxe5 Qh4+ 19. Ke2 Rg3 20. Bc6+ Kf8 21.
Qe4 Bxc6 22. Qxc6 Rd8 23. Rad1 Qh5+ 24. Kf2 Rxd1 25. Rxd1 Qxd1 26. Qc8+ Kg7 27.
Kxg3 Qe2 28. e4 Qxe4 29. Qxa6 Qe3+ 30. Kg4 h5+ 31. Kxh5 Qxh3+ 32. Kg5 Qg3+ 33.
Kh5 Qh3+ 34. Kg5 Qf5+ 35. Kh4 Qxf4+ 36. Kh3 Qf3+ 37. Kh4 Qf2+ 38. Kg5 Qg3+ 39.
Kh5 Qxe5+ 40. Kg4 f5+ 41. Kf3 Qe4+ 42. Kf2 Qf4+ 43. Ke2 Qh2+ 44. Kd3 Qxb2 45.
Qb7+ Kf6 46. Qb8 Qb5+ 47. Ke3 Qc6 48. Qf8+ Ke5 49. Qh8+ Kd5 50. Qd8+ Kc4 51.
Qd3+ Kb3 52. Qd1+ Kxa3 53. Qa1+ Kb3 54. Kd2 Qg2+ 55. Ke3 Qe4+ 56. Kf2 Qc2+ 57.
Kg1 Qxc3 58. Qb1+ Qb2 59. Qd3+ Ka2 60. Qc4+ Qb3 61. Qa6+ Kb2 62. Qe2+ Ka1 63.
Qa6+ Kb1 64. Qf1+ Kc2 65. Qe2+ Kc3 66. Qe1+ Kd4 67. Qd2+ Ke4 68. Qg2+ Kf4 69.
Qf1+ Kg4 70. Qe2+ Qf3 71. Qxe6 Qg3+ 72. Kh1 Qf3+ 73. Kg1 Qd1+ 74. Kh2 Qd2+ 75.
Kg1 Qd4+ 76. Kh2 Qf4+ 77. Kg1 Kf3 78. Qd5+ Qe4 79. Qd1+ Kg3 80. Qb3+ Qf3 81.
Qg8+ Kh3 82. Qh7+ Kg3 83. Qh3+ Kf4 84. Qh6+ Ke4 85. Qxb6 Qe3+ 86. Kf1 f4 87.
Qb7+ Kd4 88. Qd7+ Kc3 89. Qa7 c4 90. Qa3+ Kd4 91. Qd6+ Ke4 92. Qg6+ Kd4 93.
Qd6+ Kc3 94. Qa3+ Kc2 95. Qa2+ Kd3 96. Qb1+ Kc3 97. Qa1+ Kb3 98. Qb1+ Ka3 99.
Qa1+ Kb3 100. Qb1+ Ka4 101. Qd1+ Kb4 102. Qd6+ Kb3 103. Qb8+ Kc2 104. Qa8 c3
105. Qa2+ Kd1 106. Qb1+ Kd2 107. Qb4 Qe1+ 108. Kg2 Qe2+ 109. Kg1 f3 110. Qd4+
Kc2 111. Qa4+ Kc1 112. Qf4+ Kd1 113. Qd4+ Qd2 114. Kf1 f2 115. Qg4+ Kc1 116.
Kg2 f1=Q+ 0-1

[Event "FIRST SATURDAY TOURNAMENTS Budapest FM A"]
[Site "Budapest"]
[Date "2011.07.11"]
[Round "10.6"]
[White "Juracsik, Jozsef"]
[Black "Gulyas, Attila"]
[Result "1-0"]
[WhiteElo "2193"]
[BlackElo "2038"]
[PlyCount "100"]
[EventDate "2011.07.02"]

1. e4 e6 2. d4 d5 3. Nc3 Nf6 4. Bg5 Be7 5. e5 Nfd7 6. h4 a6 7. Qg4 f5 8. Qg3 c5
9. dxc5 Nxc5 10. O-O-O Nc6 11. Bd3 Nxd3+ 12. Rxd3 Qc7 13. Bxe7 Qxe7 14. Kb1 b5
15. Nf3 Bb7 16. Ne2 O-O 17. Ned4 Rac8 18. Nxc6 Bxc6 19. Qf4 Bd7 20. Nd4 b4 21.
Qg5 Qxg5 22. hxg5 g6 23. b3 Rc7 24. Rdh3 Rf7 25. Kb2 Re7 26. Rc1 Rb7 27. c3 a5
28. cxb4 Rxb4 29. Rd3 Kf8 30. Rc7 Bb5 31. Rc8+ Kf7 32. Rd2 Bd7 33. Rh8 Kg7 34.
Ra8 a4 35. a3 Rb7 36. b4 Kf7 37. Rc2 Re8 38. Rxe8 Kxe8 39. Rc5 Kd8 40. Kc3 Rc7
41. Rxc7 Kxc7 42. Ne2 Kb6 43. Kd4 Kc6 44. Nf4 Kb6 45. Nd3 Kb5 46. Nc5 Bc8 47.
g3 Kb6 48. Nxa4+ Kb5 49. Nc3+ Kc6 50. a4 Kb6 1-0